Culture Générale - Série 2686 - Statistiques

Statistiques générales
  • Ce quiz a été pris 77 fois
  • Le résultat moyen est 3 sur 10
Statistiques - réponses
Question Réponse % Correct
Agir avec vigueur pour obtenir des résultats: c'est secouer le .... cocotier
80%
(aux échecs) Placer l'une de ses tours à côté de son roi et faire passer ce dernier de l'autre côté de la tour. roquer
49%
En médecine comment appelle-t-on le nombril ? ombilic
41%
Plante considérée comme porte-bonheur pour attirer l'argent ou pour chasser le mauvais sort, elle serait également symbole de prospérité, c'est la monnaie du ... pape
39%
Comment s'appelle un poisson qui mange un poisson ? piscivore
30%
Qui n'est pas ou ne doit pas être connu par autrui ou par un grand nombre : c'est un secret d'.... alcôve
17%
Cette grande ville de l'Inde porte le même nom que celui donné aux divisions du Coran . Surate
17%
Emballage en carton pour les confiseries, fermé par quatre rabats.- 8 lettres commençant par "b" ballotin
11%
Quel écrivain français est mort au combat le 22 septembre 1914 ? prénom et nom Alain Fournier
10%
Drain passé sous la peau avec deux orifices différents. séton
4%
Aucun quiz correspondant
Distribution des résultats
% des personnes avec chaque résultat
Percentile par nombre de réponses
Votre historique - résultats
Vous n’avez pas pris ce quiz